000 00729nam a2200241 a 4500
005 20240925063838.0
008 991125s1992 es 000 0 spa u
020 _a8486235081
035 _aUPN01000005270
049 _aCG
050 4 _aLB1733
_bP74 no.9 1992
100 1 _aYuste Hernanz, Carlos
_929510
245 1 0 _aBADYG-M :
_bmanual técnico /
_cCarlos Yuste Hernanz.
250 _a2a ed.
260 _aMadrid :
_bCEPE,
_c1992.
300 _a80 p. +
_e1 folleto
440 0 _aTests y psicodiagnóstico ;
_v9
500 _aIncluye: BADYG-M y hojas de preguntas y respuestas
650 4 _aBATERIA DE TESTS
_92974
650 4 _aMediciones y pruebas educativas
_94299
650 4 _aPruebas mentales
_915534
905 _aLibro
999 _c5270
_d5270